000 00916nam a22002897a 4500
003 CHAP
005 20220329140804.0
008 971013s r 00010 d
010 _a57614
011 _a58586
035 _a62741
040 _cCHAP
090 _aR-2342
100 0 0 _aStandley, Paul Carpenter.
_9109441
245 _aStudies of Central American plants II
500 _aSobretiro de: Field Museum of Natural History-Botany 22(5):325-396, 1940
590 _aBATCH-UPD
_b10
_c20130110
_lUCH01
_h0059
590 _aBATCH-UPD
_b10
_c20130110
_lUCH01
_h0649
590 _aBATCH-UPD
_b10
_c20130409
_lUCH01
_h2049
590 _aBATCH-UPD
_b10
_c20130914
_lUCH01
_h0734
590 _aCONVERSION
_b10
_c20130109
_lUCH01
_h1331
650 1 4 _aBotánica
_xAmérica Central.
_914484
700 0 _aSteyermark, Julian A.
_9109783
901 _aBK
942 _cREIMP
949 _aR-2342
_bBC
_cR
_d-134400
_eTS1
_i62741
_si
999 _c57614
_d57614